00772cam a22002411 4500001001300000003000400013005001700017008004100034010002200075025001900097050002200116100002500138245008000163250001800243260003400261300002700295350001200322500012000334504002900454650001600483650001400499999001700513sa 68000999 DLC20260227112429.0711108s1966 pk b 00010 eng  asa 68000999 //r82 aPL480:EP-E-3930 aHF5500b.M76 196600aMuinuddin Khan,cMd.10aEssentials of business organisation and management,cby Md. Muinuddin Khan. a[2d rev. ed.]0 aDacca,bIdeal Libraryc[1966] ax, 412, 266 p.c22 cm. aRs12.50 a"Written in accordance with the syllabus for B. Com. pass and subsidiary students of the Universities of Pakistan." aIncludes bibliographies. 0aManagement. 0aBusiness. c77622d77622